000 00271nam a2200121Ia 4500
008 190216s9999||||xx |||||||||||||| ||und||
100 _aNull
245 0 _aHindi-Somandini Upadesh
260 _bMac Millian And Com. Ltd
300 _a121
650 _aHindi
942 _cBK
999 _c15705
_d15705